00977 2200313 4500001002100000005001500021035002000036007000300056008004100059020002200100082001000122084001600132100002900148245014800177250003100325300002500356650001100381700003100392264003200423336002100455337003000476338002300506040002200529090002200551850001200573504003400585999002200619990002200641INLIS00000000086430220210901014904 a0010-0921000052ta210901s2021 yoi g ind d a978-623-244-555-0 a297.3 a297.3 AHM k0 aAhmad JaelaniePengarang1 aKeajaiban salat tahajud, duha, dan puasa :bkisah-kisah keajaiban beribadah sunnah yang inspiratif /cAhmad Jaelani; penyunting, Herman Adamson aCetakan pertama, Juni 2021 a203 halaman ;c19 cm 4aIbadah0 aHerman AdamsonePenyunting31aYogyakarta :bMueeza,c2021 2rdacontentateks 2rdamediaatanpa perantara 2rdacarrieravolume aYOPDYOGbinderda aCB-D.11 2021-0834 aYOPDYOG aBibliografi : halaman 200-202 aCB-D.11/2021-0834 aCB-D.11/2021-0834